000 004770000a22001810004500
003 MACL
005 20150730160020.0
008 150730b xxu||||| |||| 00| 0 eng d
040 _aMACL
_cMACL
041 _aEnglish
082 _a350/MUK
100 _aMukerji, Mohan
_91719
245 _aAdministrative Innovetions in Rajasthan
260 _bAssociated Publishing House
_c1919
_aNew Delhi
350 _a125
650 _aPolitical Administration
_93528
942 _cBK
_k350
_2ddc
999 _c6836
_d6836